| 000 | 00623nam a2200181Ia 4500 | ||
|---|---|---|---|
| 008 | 100921s9999 xx 000 0 und d | ||
| 082 |
_b14679 _a891.462 ढ 81 |
||
| 100 | _aगोडबोले परशुरामपंत. | ||
| 245 | _aवेणीसंहार. | ||
| 260 |
_bगव्हरमेंट सेंट्रल बुक डेपो,मुंबई. _c1881 |
||
| 300 |
_a165 _b--- |
||
| 365 | _b8.5 | ||
| 520 | _aललित-नाटके. | ||
| 630 | _aवेणीसंहार. | ||
| 650 | _aललित-नाटके. | ||
| 730 | _aवेणीसंहार. | ||
| 942 | _cBOOK | ||
| 999 |
_c763792 _d763789 |
||